000 00751nam a2200205Ia 4500
003 0
005 20250116150520.0
008 161205s9999 xx 000 0 und d
050 _aPHS LB 3013
_b.C961 2015
100 _aCu, Aaron Joshua L.
245 _aClassroom management of Southville International School and Colleges' teachers
_cAaron Joshua L. Cu
260 _aLas PiƱas, Philippines :
_bSouthville International School and Colleges,
_c2015.
300 _aiii, 43 p. :
_bill. ;
_c28 cm.
504 _aIncludes bibliographical references.
650 _aClassroom management.
650 _aTeaching
_vMethodology.
650 _aHigh school teachers
_vClassroom management.
650 _aTeachers
_vProfessional practices.
942 _cPASS
_2lcc
999 _c305313
_d305313